Statistics for Formula One Drivers in 1999 Season

Click here to take the quiz!

General Stats

  • This quiz has been taken 325 times
  • The average score is 16 of 25

Answer Stats

HintAnswer% Correct
McLaren MercedesMika Hakkinen
98%
FerrariMichael Schumacher
94%
McLaren MercedesDavid Coulthard
93%
Williams SupertecRalf Schumacher
90%
FerrariEddie Irvine
89%
Stewart FordRubens Barrichello
87%
Jordan Mugen-HondaDamon Hill
86%
BAR SupertecJacques Villeneuve
86%
Jordan Mugen-HondaHeinz-Harald Frentzen
76%
Benetton PlaylifeGiancarlo Fisichella
75%
Sauber PetronasJean Alesi
74%
BAR SupertecMika Salo
72%
FerrariMika Salo
72%
Prost PeugeotJarno Trulli
69%
Stewart FordJohnny Herbert
67%
Prost PeugeotOlivier Panis
61%
Benetton PlaylifeAlexander Wurz
51%
BAR SupertecRicardo Zonta
47%
ArrowsPedro de la Rosa
45%
Williams SupertecAlessandro Zanardi
44%
Sauber PetronasPedro Diniz
44%
Minardi FordMarc Gene
41%
Minardi FordLuca Badoer
38%
ArrowsToranosuke Takagi
29%
Minardi FordStephane Sarrazin
18%

Score Distribution

Percentile by Number Answered

Percent of People with Each Score

Your Score History

You have not taken this quiz